| 000 | 01351nam a22002417a 4500 | ||
|---|---|---|---|
| 005 | 20141107104738.0 | ||
| 008 | 141107s1926 ag ||||fr|||| 001 j spa d | ||
| 040 |
_cSandra Yazo _dSandra Yazo |
||
| 041 | 0 | _aspa | |
| 082 | 0 | 4 |
_220 _a868.982 |
| 092 | _aE34N016 | ||
| 100 | 1 |
_aFranco, Luis _d1898-1988 _965754 |
|
| 245 | 1 | 0 |
_aLos hijos del Llastay _cLuis L. Franco |
| 260 |
_aBuenos Aires (Argentina) _bBabel _c1926 |
||
| 300 |
_a148, [2] páginas _c19 x 13 cm. |
||
| 500 | _aDetalles físicos: Encuadernación rígida en cartón forrado en papel. Lomo en tela con adornos en dorado. Guardas. Anteportada. Portada impresa en dos tintas. Texto impreso en una columna. Márgenes amplios. Papel manchado. Cortes pintados | ||
| 505 | 1 | _aEL Llastay ; El puma ; La torcaza ; El quirquincho ; El alicucu ; El gato del monte ; Los venados de la cumbre ; El colcol ; El carancho y el chimango ; Don Juan ; La víbora de la cruz ; La serpiente de cascabel ; La liebre ; El lobo barranquero ; El jaguar ; El jaguar ; El ultutuco ; La perdiz ; El sapo ; La lechuza ; Las bestias del vellocino de oro , EL hurón ; El Crespín ; La Chinchilla | |
| 506 | _aConsulta en sala | ||
| 650 | 7 |
_915512 _aFábulas argentinas |
|
| 650 | 7 |
_918607 _aLiteratura argentina |
|
| 690 |
_942866 _aLiteratura latinoamericana |
||
| 942 |
_2LOCAL _cLIBRO _e1 _hE34N016 |
||
| 999 |
_c297574 _d297574 |
||